000
00313pam a2200133 a 4500
020
_c
041
_h
082
_a
658.14999999999998
_b
SON
100
_a
Sontakke,K.A.
245
_a
Financial Accounting
_h
Textual Documents
260
_a
Mumbai
_b
Himalay Publishing House
_c
2009
300
_a
337
930
_a
7126
999
_c
113953
_d
113953